Power Plant Engineering (Record no. 4610)

MARC details
000 -LEADER
fixed length control field 00393nam a22001697a 4500
005 - DATE AND TIME OF LATEST TRANSACTION
control field 20160629115543.0
008 - FIXED-LENGTH DATA ELEMENTS--GENERAL INFORMATION
fixed length control field 160629b xxu||||| |||| 00| 0 eng d
020 ## - INTERNATIONAL STANDARD BOOK NUMBER
ISBN 81-89757-20-2
041 ## - LANGUAGE CODE
Language code of text/sound track or separate title eng
082 ## - DEWEY DECIMAL CLASSIFICATION NUMBER
Item number 11966
100 ## - MAIN ENTRY--AUTHOR NAME
Personal name Sharma, Dr P.C
245 ## - TITLE STATEMENT
Title Power Plant Engineering
260 ## - PUBLICATION, DISTRIBUTION, ETC. (IMPRINT)
Name of publisher Katson
Year of publication 2012
300 ## - PHYSICAL DESCRIPTION
Number of Pages 620
650 ## - SUBJECT ADDED ENTRY--TOPICAL TERM
Topical Term Diploma Engineering
942 ## - ADDED ENTRY ELEMENTS (KOHA)
Koha item type Books
Holdings
Lost status Damaged status Home library Current library Shelving location Date acquired Cost, normal purchase price Full call number Accession Number Koha item type
    JRU Library   SHELF-38-G 29/06/2016 265.00 11966 11966 Books
    JRU Library   SHELF-38-G 29/06/2016 265.00 11966 11967 Books